书目信息 |
| 题名: |
岩土工程创新与实践
|
|
| 作者: | 朱浮声 主编 | |
| 分册: | ||
| 出版信息: | 沈阳 东北大学出版社 2014 |
|
| 页数: | 224页 | |
| 开本: | 26cm | |
| 丛书名: | ||
| 单 册: | ||
| 中图分类: | TU4-53 | |
| 科图分类: | ||
| 主题词: | 岩土工程--文集 | |
| 电子资源: | ||
| ISBN: | 978-7-5517-0700-8 | |
| 000 | 00863nam0 2200229 450 | |
| 001 | 012015000350 | |
| 005 | 20150911083512.48 | |
| 010 | @a978-7-5517-0700-8@dCNY42.00 | |
| 100 | @a20150407d2014 em y0chiy50 ea | |
| 101 | 0 | @achi |
| 102 | @aCN@b210000 | |
| 105 | @aa z 100yy | |
| 106 | @ar | |
| 200 | 1 | @a岩土工程创新与实践@9yan tu gong cheng chuang xin yu shi jian@e2010年辽宁工程勘察与岩土工程学术会议论文集@f朱浮声主编 |
| 210 | @a沈阳@c东北大学出版社@d2014 | |
| 215 | @a224页@c图@d26cm | |
| 330 | @a本书收集的论文在不同侧面反映了我省岩土工程技术的进步。论文集共分五个部分,分别介绍了水文与工程地质,工程勘察,地基与地基处理技术,基础工程,以及边坡、基坑和地下工程等方面的经验和技术进步。 | |
| 606 | 0 | @a岩土工程@j文集 |
| 690 | @aTU4-53@v5 | |
| 701 | 0 | @a朱浮声@9zhu fu sheng@4主编 |
| 801 | 0 | @aCN@b碧洲教育@c20150716 |
| 905 | @a10447@f4@dTU4-53@e681 | |
| 岩土工程创新与实践:2010年辽宁工程勘察与岩土工程学术会议论文集/朱浮声主编.-沈阳:东北大学出版社,2014 |
| 224页:图;26cm |
| ISBN 978-7-5517-0700-8:CNY42.00 |
| 本书收集的论文在不同侧面反映了我省岩土工程技术的进步。论文集共分五个部分,分别介绍了水文与工程地质,工程勘察,地基与地基处理技术,基础工程,以及边坡、基坑和地下工程等方面的经验和技术进步。 |
| ● |
| 相关链接 |
|
|
|
|
正题名:岩土工程创新与实践
索取号:TU4-53/681
 
预约/预借
| 序号 | 登录号 | 条形码 | 馆藏地/架位号 | 状态 | 备注 |
| 1 | 0849643 | 208496439 | 第二样本阅览室/ [索取号:TU4-53/681] | 在馆 | |
| 2 | 0849644 | 208496448 | 第三借阅区/ [索取号:TU4-53/681] | 在馆 | |
| 3 | 0849645 | 208496457 | 第三借阅区/ [索取号:TU4-53/681] | 在馆 | |
| 4 | 0849646 | 208496466 | 第三借阅区/ [索取号:TU4-53/681] | 在馆 |